000
00286nam a22001097a 4500
082
_a
629.8323 CHE'S
100
_a
CHESTNUT, HAROLD,MAYER, ROBERT W
_9
59002
245
_a
SERVOMECHANISM AND REGULATING SYSTEM DESIGN
260
_a
NEWYORK
_b
JOHN WILEY
_c
1951
300
_a
505P
942
_c
BK
999
_c
569059
_d
569059